• 首页
  • 本馆介绍
  • 公告通知
  • 最新文献
  • 馆藏检索
  • 电子资源
  • 读者导购
  • 参考咨询
  • 我的图书馆
  • 登录
  • 详细信息显示
  • 放入我的书架
  • 预约/预借图书
  • 作者相关作品
  • 分类相关作品
  • 丛书相关作品
  • 出版社相关作品

书目信息

  • 表格格式
  • 工作单格式
  • 卡片格式
题名:
增税VS减支
    
 
作者: 阿莱西纳 , 法韦罗 , 贾瓦奇 著 ;王铁成 译
分册:  
出版信息: 北京   中信出版集团股份有限公司  2020
页数: 274页
开本: 23cm
丛书名: 比较译丛
单 册:
中图分类: F811.0 , F811
科图分类:
主题词: 财政政策--研究
电子资源:
ISBN: 978-7-5217-2293-2
000 01361oam2 2200301 450
001 2167326780
005 20210407184226.84
010    @a978-7-5217-2293-2@dCNY68.00
100    @a20201231d2020 em y0chiy50 ea
101 1  @achi@ceng
102    @aCN@b110000
105    @ay z 000yy
200 1  @a增税VS减支@9zeng shui VS jian zhi@e财政困境下的政策选择@dAusterity@ewhen it works and when it doesn't@f(美)阿尔贝托·阿莱西纳(Alberto Alesina),(意)卡洛·法韦罗(Carlo Favero),(意)弗朗切斯科·贾瓦奇(Francesco Giavazzi)著@g王铁成译@zeng
210    @a北京@c中信出版集团股份有限公司@d2020
215    @a274页@d23cm
225 2  @a比较译丛@v30
330    @a本书由三位当今颇受推崇的政策专家研究了20世纪70年代末到2014年间16个发达经济体采取的数千项财政措施,探讨了基于收入和基于税收的财政计划对消费、投资、净出口、消费者信心、商业信心以及利率的不同影响,并分析了何时以及如何实施财政紧缩等重要问题。
461  0 @12001 @a比较译丛
510 1  @aAusterity@ewhen it works and when it doesn't@zeng
606 0  @a财政政策@x研究
690    @aF811.0@v5
690    @aF811@v4
701  0 @c(美)@a阿莱西纳@9a lai xi na@c(Alesina, Alberto)@4著
701  0 @c(意)@a法韦罗@9fa wei luo@c(Favero, Carlo)@4著
701  0 @c(意)@a贾瓦奇@9jia wa qi@c(Giavazzi, Francesco)@4著
702  0 @a王铁成@9wang tie cheng@4译
801  0 @aCN@b91MARC@c20210121
905    @aZUCC@dF811@e1
    
    增税VS减支:财政困境下的政策选择=Austerity:when it works and when it doesn't/(美)阿尔贝托·阿莱西纳(Alberto Alesina),(意)卡洛·法韦罗(Carlo Favero),(意)弗朗切斯科·贾瓦奇(Francesco Giavazzi)著/王铁成译.-北京:中信出版集团股份有限公司,2020
    274页;23cm.-(比较译丛;30)
    
    
    ISBN 978-7-5217-2293-2:CNY68.00
    本书由三位当今颇受推崇的政策专家研究了20世纪70年代末到2014年间16个发达经济体采取的数千项财政措施,探讨了基于收入和基于税收的财政计划对消费、投资、净出口、消费者信心、商业信心以及利率的不同影响,并分析了何时以及如何实施财政紧缩等重要问题。
●
相关链接 在五车中查询图书 在当当中查询图书 在豆瓣中查询图书


正题名:增税VS减支     索取号:F811/1         预约/预借

序号 登录号 条形码 馆藏地/架位号 状态 备注
1 2000880385   2000880385   第二书库/ [索取号:F811/1] 在馆    
2 2000880386   2000880386   第二书库/ [索取号:F811/1] 在馆    
3 2000880387   2000880387   第二书库/ [索取号:F811/1] 在馆    
山东省滨州职业学院图书馆 欢迎您!
大连网信软件有限公司© 版权所有